Mechanics of materials (Record no. 6912)

000 -LEADER
fixed length control field 00506nam a2200205 a 4500
001 - CONTROL NUMBER
control field 6912
003 - CONTROL NUMBER IDENTIFIER
control field BD-DhUET
008 - FIXED-LENGTH DATA ELEMENTS--GENERAL INFORMATION
fixed length control field 750825s1976 nyua bi 001 0 eng
040 ## - CATALOGING SOURCE
Original cataloging agency DLC
Transcribing agency DLC
Modifying agency BD-DhUET
082 00 - DEWEY DECIMAL CLASSIFICATION NUMBER
Classification number 620.11
Item number POP/1976
100 ## - MAIN ENTRY--PERSONAL NAME
Personal name Popov, E. P.
245 00 - TITLE STATEMENT
Title Mechanics of materials
250 ## - EDITION STATEMENT
Edition statement 2nd ed.
260 ## - PUBLICATION, DISTRIBUTION, ETC. (IMPRINT)
Place of publication, distribution, etc. New Jersey
Name of publisher, distributor, etc. Prentice-Hall
Date of publication, distribution, etc. 1976
300 ## - PHYSICAL DESCRIPTION
Extent ix,589p.
Other physical details ill.
Dimensions 24 cm.
650 #0 - SUBJECT ADDED ENTRY--TOPICAL TERM
Topical term or geographic name as entry element Strength of materials
700 ## - ADDED ENTRY--PERSONAL NAME
Personal name Nagarajan, S.
700 ## - ADDED ENTRY--PERSONAL NAME
Personal name Lu, Z. A.
942 ## - ADDED ENTRY ELEMENTS (KOHA)
Koha item type General Book
Holdings
Price effective from Piece designation (barcode) Source of classification or shelving scheme Koha date last borrowed Lost status Shelving location Koha normalized classification for sorting Not for loan Koha date last seen Location (home branch) Sublocation or collection (holding branch) Koha issues (times borrowed) Damaged status Date acquired Koha item type Withdrawn status Koha full call number Copy number
2014-12-0666175 2023-12-02 Circulation section620_110000000000000_POP_1976 2023-12-17Central Library, BUETCentral Library, BUET2 2014-12-06General Book 620.11/POP/19761
2014-12-0721010   Circulation section620_110000000000000_POP_1976 2014-12-07Central Library, BUETCentral Library, BUET  2014-12-07General Book 620.11/ POP/19762
2014-12-077885 2023-12-11 Circulation section620_110000000000000_POP_1976 2024-01-16Central Library, BUETCentral Library, BUET1 2014-12-07General Book 620.11/POP/19763
2015-06-3045480   Reading section620_110000000000000_POP_1976 2015-06-30Central Library, BUETCentral Library, BUET  2015-06-30Reading Item 620.11/POP/19764